00895nam a22002537a 45000010005000000030006000050050017000110080041000280200018000690400029000870500011001160820008001271000018001352450041001532600039001943000044002334900021002775050008002985200230003065210020005365210020005566500028005767000037006045138FISKH20241107122426.0241107b cb ||||| |||| 00| 0 eng d a9781407106113 aFISKHbengcFISKHdFISKH aQ180.2 a535 aArnold, Nick  aFrightening Light / cby Nick Arnold aNew York : bScholastic ;c1999 .  a169 pages : billustrations ;c21 cm .  aHorrible Science aS  aThis is science with the squishy bits left in! What stops your eyeballs from falling out? Why can dead bodies make ghostly glowing lights? How can a laser beam sizzle human flesh? Get the awful answers in "Frightening Light"!8 a810 bLexile 8 aS bRaz-Plus  achildren'svnon-fiction aSaulles , Tony De eillustrator